000 00376nam a2200109Ia 4500
005 20260328101515.0
008 260328s9999||||xx |||||||||||||| ||und||
100 _aVillazón Godoy, Rafael
245 0 _aBiblioteca y auditorio de la Universidad Jorge Tadeo Lozano :
_b Arquitecto Daniel Bermúdez Samper /
_cRafael Villazón Godoy
260 _bUniversidad de los Andes
942 _cBK
999 _c9327
_d9327